| 000 | 00394nam a22001337a 4500 | ||
|---|---|---|---|
| 005 | 20250910113854.0 | ||
| 008 | 250910b |||||||| |||| 00| 0 eng d | ||
| 020 | _a016434005955 | ||
| 100 | _aHARRISON PAT | ||
| 245 |
_aLEARNING THE WAYS OF THE HOLY SPIRIT; _bHIS INDWELLING PRESENCE AND HIS OUTPOURING POWER |
||
| 260 |
_aTULSA _bHARRISON HOUSE _cc1989 |
||
| 300 | _avi, 118p | ||
| 942 |
_2lcc _cBK _n0 |
||
| 999 |
_c7508 _d7508 |
||